• 首页
  • 本馆介绍
  • 公告通知
  • 最新文献
  • 馆藏检索
  • 电子资源
  • 读者导购
  • 参考咨询
  • 我的图书馆
  • 登录
  • 详细信息显示
  • 放入我的书架
  • 预约/预借图书
  • 作者相关作品
  • 分类相关作品
  • 丛书相关作品
  • 出版社相关作品

书目信息

  • 表格格式
  • 工作单格式
  • 卡片格式
题名:
公共礼仪
    
 
作者: 李志铉 著 ;徐贤 , 赵艳辉 绘
分册:  
出版信息: 乌鲁木齐   新疆青少年出版社  2016
页数: 52页
开本: 24cm
丛书名:
单 册:
中图分类: K891.26-49
科图分类:
主题词: 礼仪--少儿读物
电子资源:
ISBN: 978-7-5515-7543-0
000 00698nam0 2200229 450
001 3963
005 20180527205658.24
010    @a978-7-5515-7543-0@dCNY16.00
100    @a20150920d2016 cemy0chiy50 ea
101 1  @achi@ckor
102    @aCN@b650000
105    @aa z 000yy
200 1  @a公共礼仪@9gong gong li yi@e让我们的世界更美丽@f(韩)李志铉著@g(韩)徐贤绘@g赵艳辉译
210    @a乌鲁木齐@c新疆青少年出版社@d2016
215    @a52页@c彩图@d24cm
606 0  @a礼仪@j少儿读物
690    @aK891.26-49@v5
701  0 @c(韩)@a李志铉@9li zhi xuan@4著
702  0 @c(韩)@a徐贤@9xu xian@4绘
702  0 @a赵艳辉@9zhao yan hui@4译
801  0 @aCN@b91MARC@c20150920
905    @aMuseLib@dK891.26-49@e284
    
    公共礼仪:让我们的世界更美丽/(韩)李志铉著/(韩)徐贤绘/赵艳辉译.-乌鲁木齐:新疆青少年出版社,2016
    52页:彩图;24cm
    
    
    ISBN 978-7-5515-7543-0:CNY16.00
    
●
相关链接 在E读中查询图书 在五车中查询图书 在当当中查询图书 在豆瓣中查询图书


正题名:公共礼仪     索取号:K891.26-49/284         预约/预借

序号 登录号 条形码 馆藏地/架位号 状态 备注
1 1111338   211113383   第二样本阅览室/ [索取号:K891.26-49/284] 在馆    
2 1111339   211113392   教育系资料室/ [索取号:K891.26-49/284] 在馆    
3 1111340   211113409   教育系资料室/ [索取号:K891.26-49/284] 在馆    
4 1111341   211113418   第二借阅区/ [索取号:K891.26-49/284] 在馆    
唐山师范学院图书馆 欢迎您!
大连网信软件有限公司© 版权所有